000 00597nam a2200241Ia 4500
003 OSt
005 20221005065801.0
006 a|||||r|||| 00| 0
007 ta
008 221004b |||||||| |||| 00| 0 eng d
024 _a57253
037 _cTextual
040 _aCRL
_cCRL
_beng
041 _2eng
_aeng
082 _aXM2, M1
100 _aPopov S I
_9604982
245 0 _aSocialism and optimism
260 _aMoscow
_bProgress Publishers
_c1981
300 _a287p.
_ccm.
650 _aECONOMICS
942 _hXM2, M1
_cTEXL
_2cc
999 _c975187
_d975187